000
00268nam a22001097a 4500
008
140425t xxu||||| |||| 00| 0 eng d
020
_a
9780849375835
100
_a
James Swarbrick
_9
832
245
_a
Good Laboratory Practice Regulations
300
_a
244
942
_2
ddc
_c
BK
999
_c
17077
_d
17077